| 000 | 00588nam a22001457a 4500 | ||
|---|---|---|---|
| 020 | _a978-1-84354-886-7 | ||
| 082 |
_a823 _bSCH/O |
||
| 100 | _aSCHMITT, ERIC EMMANUEL | ||
| 245 | _aOSCAR | ||
| 260 |
_aVRITAIN _bATLA NTIC BOOK _c2005 |
||
| 300 | _a88 | ||
| 520 | _aThe Academy was formed in 1927 by Louis B. Mayer and others to raise the standards of film production, and its first awards were presented in 1929. The awards (nicknamed Oscars) recognize excellence in acting, directing, screenwriting, and other activities related to film production. | ||
| 650 | _aSHORT STORY | ||
| 942 | _cBK | ||
| 999 |
_c6489 _d6489 |
||